[Event "Helsingor Xtracon op"]
[Site "Helsingor"]
[Date "2019.07.23"]
[Round "5"]
[White "Henriksen, Morgan"]
[Black "Ramkilde, Mikael"]
[Result "0-1"]
[WhiteElo "1683"]
[BlackElo "1957"]
[PlyCount "66"]
[EventDate "2019.07.20"]
[EventType "swiss"]
[EventRounds "10"]
[EventCountry "DEN"]
[SourceTitle "CBM 191 Extra"]
[Source "ChessBase"]
[SourceDate "2019.09.30"]
[SourceVersion "1"]
[SourceVersionDate "2019.09.30"]
[SourceQuality "1"]

1. d4 Nf6 2. c4 e6 3. Nc3 Bb4 4. e3 0-0 5. Bd3 c5 6. Nf3 Nc6 7. 0-0 Bxc3 8. bxc3 d6 9. Qe2 e5 10. dxe5 dxe5 11. e4 Qe7 12. h3 b6 13. Bg5 h6 14. Bh4 Ba6 15. Rad1 Na5 16. Nd2 g5 17. Bg3 Qe6 18. f3 Nh5 19. Bh2 Rad8 20. g4 Nf4 21. Bxf4 gxf4 22. Kh2 Kh7 23. Rg1 Rd6 24. Bc2 Rfd8 25. Bb3 Rd3 26. Nb1 Rxd1 27. Rxd1 Rxd1 28. Qxd1 Bxc4 29. Bxc4 Qxc4 30. Na3 Qxa2+ 31. Nc2 Qb2 32. Qd2 Nb3 33. Qd3 Na1 0-1

[Event "Nordic-ch"]
[Site "Sarpsborg"]
[Date "2019.06.25"]
[Round "7"]
[White "Haggar, Haytham"]
[Black "Henriksen, Morgan"]
[Result "1/2-1/2"]
[WhiteElo "1309"]
[BlackElo "1717"]
[PlyCount "154"]
[EventDate "2019.06.21"]
[EventType "swiss"]
[EventRounds "9"]
[EventCountry "NOR"]
[SourceTitle "CBM 191 Extra"]
[Source "ChessBase"]
[SourceDate "2019.09.30"]
[SourceVersion "1"]
[SourceVersionDate "2019.09.30"]
[SourceQuality "1"]

1. d4 d5 2. c4 c6 3. e3 Nf6 4. Nc3 e6 5. Bd3 Nbd7 6. Nge2 dxc4 7. Bxc4 b5 8. Bd3 Bb7 9. f3 a6 10. 0-0 c5 11. b3 cxd4 12. Nxd4 Qc7 13. Bb2 Bc5 14. Qe2 0-0 15. Rac1 Qb6 16. Rfe1 Ne5 17. Bb1 Bxd4 18. exd4 Qxd4+ 19. Kh1 Ng6 20. Nxb5 Qb6 21. Na3 Rfd8 22. Nc4 Qb5 23. Red1 Bd5 24. Rd2 Qb7 25. Rdc2 Ne7 26. Ne5 Rac8 27. Rxc8 Rxc8 28. Rxc8+ Qxc8 29. Bd3 Bb7 30. Qd2 Ned5 31. Bc4 Qc5 32. Bd4 Qb4 33. Qxb4 Nxb4 34. a4 Nfd5 35. a5 g6 36. Nd7 h5 37. Nf6+ Nxf6 38. Bxf6 Kf8 39. Kg1 Nd5 40. Bd4 Ke7 41. Kf2 Kd6 42. g3 Nc7 43. f4 Bd5 44. Be5+ Kc6 45. Bxc7 Kxc7 46. Bxa6 Bxb3 47. Ke3 f6 48. Kd4 Kd6 49. Bb7 Kc7 50. a6 Kb6 51. h4 Bc2 52. Bc8 Bf5 53. Bb7 Bg4 54. Be4 Kxa6 55. Bxg6 Kb6 56. Be8 Kc7 57. Kc5 Kd8 58. Bc6 Ke7 59. Be4 Kd7 60. Kd4 Kd6 61. Ke3 e5 62. Bf3 exf4+ 63. Kxf4 Bxf3 64. Kxf3 Ke5 65. g4 hxg4+ 66. Kxg4 f5+ 67. Kg5 f4 68. h5 f3 69. h6 f2 70. h7 f1Q 71. h8Q+ Kd5 72. Qd8+ Ke4 73. Qe7+ Kf3 74. Qa3+ Kg2 75. Qb2+ Kg1 76. Qb6+ Qf2 77. Qxf2+ Kxf2 1/2-1/2

[Event "Nordic-ch"]
[Site "Sarpsborg"]
[Date "2019.06.24"]
[Round "6"]
[White "Neretljak, Nedzad"]
[Black "Henriksen, Morgan"]
[Result "1-0"]
[WhiteElo "2114"]
[BlackElo "1717"]
[PlyCount "41"]
[EventDate "2019.06.21"]
[EventType "swiss"]
[EventRounds "9"]
[EventCountry "NOR"]
[SourceTitle "CBM 191 Extra"]
[Source "ChessBase"]
[SourceDate "2019.09.30"]
[SourceVersion "1"]
[SourceVersionDate "2019.09.30"]
[SourceQuality "1"]

1. e4 c5 2. c3 g6 3. d4 cxd4 4. cxd4 Bg7 5. h4 b6 6. h5 gxh5 7. Bc4 e6 8. Nc3 Bb7 9. d5 Qc7 10. Qd3 Nf6 11. Nge2 a6 12. Bb3 b5 13. a3 Qd6 14. Bf4 Qc5 15. Qg3 0-0 16. Bh6 Ng4 17. Bxg7 Kxg7 18. Rxh5 f5 19. exf5 exf5 20. Rg5+ Kh6 21. Qh4# 1-0

[Event "Helsingor Xtracon op"]
[Site "Helsingor"]
[Date "2018.07.26"]
[Round "7"]
[White "Henriksen, Morgan"]
[Black "Pallesen, Jacob"]
[Result "0-1"]
[WhiteElo "1706"]
[BlackElo "2058"]
[PlyCount "82"]
[EventDate "2018.07.21"]
[EventType "swiss"]
[EventRounds "10"]
[EventCountry "DEN"]
[SourceTitle "CBM 185 Extra"]
[Source "ChessBase"]
[SourceDate "2018.07.29"]
[SourceVersion "1"]
[SourceVersionDate "2018.07.29"]
[SourceQuality "1"]

1. d4 g6 2. c4 Bg7 3. Nc3 f5 4. e3 Nf6 5. Bd3 d6 6. Nge2 Nc6 7. a3 e5 8. b3 0-0 9. 0-0 Re8 10. Bb2 exd4 11. Nxd4 Nxd4 12. exd4 Ne4 13. Ne2 c6 14. Qc2 Qb6 15. Rab1 Bd7 16. b4 Re7 17. c5 Qc7 18. Bc1 d5 19. f3 Nf6 20. Bf4 Qd8 21. Be5 Nh5 22. f4 Nf6 23. Nc3 Ne4 24. b5 Qa5 25. Bxe4 fxe4 26. a4 Bf5 27. Qb3 Bxe5 28. fxe5 Kg7 29. Qb4 Qd8 30. a5 Rf7 31. a6 Qg5 32. bxc6 bxc6 33. Kh1 Raf8 34. Ne2 e3 35. Rb2 Be4 36. Rxf7+ Rxf7 37. Ng3 Rf2 38. Rxf2 exf2 39. Qb7+ Kh6 40. Qb2 Qe3 41. Qe2 Qxe2 0-1

[Event "Helsingor Xtracon op"]
[Site "Helsingor"]
[Date "2018.07.22"]
[Round "3"]
[White "Henriksen, Morgan"]
[Black "Tarakanov, Vladislav"]
[Result "1-0"]
[WhiteElo "1706"]
[BlackElo "1380"]
[PlyCount "77"]
[EventDate "2018.07.21"]
[EventType "swiss"]
[EventRounds "10"]
[EventCountry "DEN"]
[SourceTitle "CBM 185 Extra"]
[Source "ChessBase"]
[SourceDate "2018.07.29"]
[SourceVersion "1"]
[SourceVersionDate "2018.07.29"]
[SourceQuality "1"]

1. d4 e6 2. c4 d5 3. Nc3 Nf6 4. cxd5 exd5 5. Bf4 c6 6. Nf3 Be7 7. e3 0-0 8. Bd3 Qb6 9. Rb1 Bg4 10. h3 Bh5 11. 0-0 Na6 12. Na4 Qa5 13. a3 Nb8 14. b4 Qd8 15. Be2 Ne4 16. Rb3 Nd7 17. Ne5 Bxe2 18. Qxe2 Nxe5 19. Bxe5 Bf6 20. Bh2 Be7 21. Rc1 f5 22. Nc5 Bxc5 23. dxc5 Rf6 24. f3 Ng5 25. b5 Qe7 26. bxc6 bxc6 27. Kh1 Re8 28. Bd6 Qf7 29. Rcb1 Qh5 30. Rb8 Rfe6 31. Rxe8+ Rxe8 32. Rb8 Ne6 33. Qb2 Qg6 34. Qb7 d4 35. exd4 Nxd4 36. Qd7 Rxb8 37. Bxb8 Qf6 38. f4 h6 39. Be5 1-0

[Event "Helsingor Xtracon op"]
[Site "Helsingor"]
[Date "2017.07.29"]
[Round "9"]
[White "Henriksen, Morgan"]
[Black "Bjornes, Leif"]
[Result "0-1"]
[WhiteElo "1632"]
[BlackElo "1934"]
[PlyCount "96"]
[EventDate "2017.07.22"]
[EventType "swiss"]
[EventRounds "10"]
[EventCountry "DEN"]
[SourceTitle "CBM 179 Extra"]
[Source "ChessBase"]
[SourceDate "2017.08.23"]
[SourceVersion "1"]
[SourceVersionDate "2017.08.23"]
[SourceQuality "1"]

1. d4 d5 2. c4 c6 3. Nc3 Nf6 4. cxd5 cxd5 5. Qc2 Nc6 6. e3 e6 7. Bd3 Nb4 8. Bb5+ Bd7 9. Bxd7+ Qxd7 10. Qe2 Be7 11. Nf3 Nc6 12. 0-0 0-0 13. Bd2 Rfc8 14. Rad1 a6 15. Rfe1 b5 16. Ne5 Qb7 17. Qf3 Bd6 18. Nd3 Qb6 19. Ne2 Ne4 20. Bc1 Nb4 21. a3 Nc2 22. Rf1 Na1 23. b4 Nb3 24. Nc5 Nxc1 25. Nxc1 Nf6 26. N1d3 a5 27. Ra1 Ra7 28. Ne5 Bxe5 29. dxe5 Nd7 30. Nxd7 Rxd7 31. Rfc1 Rdc7 32. Qd1 a4 33. Rxc7 Qxc7 34. f4 Qc3 35. Kf2 Rc4 36. Ra2 Kf8 37. Ke2 Ke7 38. Qd2 f6 39. Qxc3 Rxc3 40. Kd2 Rb3 41. exf6+ Kxf6 42. g4 g5 43. fxg5+ Kxg5 44. Rc2 Kxg4 45. Rc3 Rxc3 46. Kxc3 e5 47. Kd3 Kf3 48. h3 h6 0-1

[Event "Helsingor Xtracon op"]
[Site "Helsingor"]
[Date "2017.07.26"]
[Round "6"]
[White "Molvig, Henrik"]
[Black "Henriksen, Morgan"]
[Result "1-0"]
[WhiteElo "2090"]
[BlackElo "1632"]
[PlyCount "73"]
[EventDate "2017.07.22"]
[EventType "swiss"]
[EventRounds "10"]
[EventCountry "DEN"]
[SourceTitle "CBM 179 Extra"]
[Source "ChessBase"]
[SourceDate "2017.08.23"]
[SourceVersion "1"]
[SourceVersionDate "2017.08.23"]
[SourceQuality "1"]

1. d4 Nf6 2. c4 g6 3. Nc3 Bg7 4. e4 d6 5. Nf3 0-0 6. Be2 Na6 7. 0-0 e5 8. Bg5 h6 9. Bh4 Qe8 10. Bxf6 Bxf6 11. c5 exd4 12. Nd5 Qd8 13. Bxa6 bxa6 14. cxd6 Qxd6 15. Nxf6+ Qxf6 16. Qxd4 Qxd4 17. Nxd4 c5 18. Nc2 Rb8 19. b3 c4 20. Rab1 cxb3 21. axb3 Be6 22. Nd4 Bd7 23. Rfd1 Rfd8 24. f3 Be8 25. Kf2 a5 26. Ke3 a6 27. h4 a4 28. bxa4 Bxa4 29. Rxb8 Rxb8 30. Ra1 Bb5 31. Rb1 Kg7 32. g4 f6 33. Rc1 Rb7 34. Rc8 Bd7 35. Ra8 Bb5 36. Ne6+ Kf7 37. Nd8+ 1-0

[Event "Helsingor Xtracon op"]
[Site "Helsingor"]
[Date "2017.07.23"]
[Round "2"]
[White "Kardoeus, David"]
[Black "Henriksen, Morgan"]
[Result "1-0"]
[WhiteElo "2165"]
[BlackElo "1632"]
[PlyCount "59"]
[EventDate "2017.07.22"]
[EventType "swiss"]
[EventRounds "10"]
[EventCountry "DEN"]
[SourceTitle "CBM 179 Extra"]
[Source "ChessBase"]
[SourceDate "2017.08.23"]
[SourceVersion "1"]
[SourceVersionDate "2017.08.23"]
[SourceQuality "1"]

1. e4 e6 2. d4 d5 3. Nd2 Nf6 4. e5 Nfd7 5. Bd3 c5 6. c3 Nc6 7. Ne2 cxd4 8. cxd4 Be7 9. Nf3 f6 10. Nf4 Bb4+ 11. Kf1 Qe7 12. a3 Ba5 13. b4 Bb6 14. exf6 Nxf6 15. Be3 0-0 16. b5 Na5 17. Ne5 Bd7 18. g3 Rac8 19. Kg2 Nc4 20. a4 Be8 21. Qe2 g5 22. Nh3 Nxe3+ 23. Qxe3 h6 24. f4 g4 25. Nf2 h5 26. h3 Qg7 27. hxg4 hxg4 28. Rh4 Bh5 29. Rah1 Qh8 30. Ng6 1-0

[Event "Helsingor Xtracon op"]
[Site "Helsingor"]
[Date "2017.07.22"]
[Round "1"]
[White "Henriksen, Morgan"]
[Black "Nielsen, John Bauneborg"]
[Result "1-0"]
[WhiteElo "1632"]
[BlackElo "2125"]
[PlyCount "57"]
[EventDate "2017.07.22"]
[EventType "swiss"]
[EventRounds "10"]
[EventCountry "DEN"]
[SourceTitle "CBM 179 Extra"]
[Source "ChessBase"]
[SourceDate "2017.08.23"]
[SourceVersion "1"]
[SourceVersionDate "2017.08.23"]
[SourceQuality "1"]

1. d4 d5 2. c4 e6 3. Nc3 c6 4. Nf3 dxc4 5. a4 Bb4 6. Bd2 Nf6 7. e3 0-0 8. Bxc4 a5 9. 0-0 Na6 10. Qe2 Be7 11. Ne5 Nb4 12. Rfc1 Qd6 13. Na2 Ne4 14. Be1 Nd5 15. f3 Nef6 16. Nc3 Nxc3 17. Rxc3 Nd5 18. Rb3 Qd8 19. Bd2 f6 20. Ng4 Bd6 21. g3 h5 22. Nf2 h4 23. f4 hxg3 24. hxg3 Be7 25. Kg2 g6 26. Rh1 Kg7 27. e4 Nb6 28. f5 exf5 29. Bh6+ 1-0

[Event "Oslo op ELO"]
[Site "Oslo"]
[Date "2011.10.02"]
[Round "8"]
[White "Henriksen, Morgan"]
[Black "Fransson, Angelina"]
[Result "0-1"]
[WhiteElo "2400"]
[BlackElo "1943"]
[PlyCount "69"]
[EventDate "2011.10.02"]
[EventType "swiss"]
[EventRounds "9"]
[EventCountry "NOR"]
[SourceTitle "EXT 2023"]
[Source "ChessBase"]
[SourceDate "2022.10.05"]
[SourceVersion "1"]
[SourceVersionDate "2022.10.05"]
[SourceQuality "1"]

1. d4 Nf6 2. c4 g6 3. Nc3 Bg7 4. e4 d6 5. Nf3 0-0 6. Be2 e5 7. 0-0 Nc6 8. d5 Ne7 9. b4 Nh5 10. Re1 Nf4 11. Bf1 h6 12. a4 f5 13. Ra2 fxe4 14. Nxe4 Bg4 15. Ra3 Rf7 16. h3 Bc8 17. Kh2 Nh5 18. c5 Nf6 19. Bc4 Nf5 20. Nxe5 dxe5 21. d6 Nxe4 22. Rxe4 cxd6 23. Qd5 Qe7 24. Rd3 Kf8 25. cxd6 Nxd6 26. Qxd6 Qxd6 27. Rxd6 Rxf2 28. Rd8+ Ke7 29. Rg8 Kf6 30. Be3 Rc2 31. Bd5 Rc7 32. Bc5 a5 33. Re8 axb4 34. R8xe5 Rxc5 35. Rxb4 0-1

[Event "Hamar CC-ch"]
[Site "Hamar"]
[Date "2007.04.19"]
[Round "8"]
[White "Nygard, Per"]
[Black "Henriksen, Morgan"]
[Result "0-1"]
[WhiteElo "1251"]
[BlackElo "1298"]
[PlyCount "70"]
[EventDate "2007.01.04"]
[EventType "swiss"]
[EventRounds "9"]
[EventCountry "NOR"]
[SourceTitle "EXT 2024"]
[Source "ChessBase"]
[SourceDate "2023.10.10"]
[SourceVersion "1"]
[SourceVersionDate "2023.10.10"]
[SourceQuality "1"]

1. c4 c5 2. e3 e6 3. d4 cxd4 4. exd4 Nf6 5. Be3 b6 6. Be2 Bb7 7. Bf3 Qc7 8. Bxb7 Qxb7 9. Nf3 Be7 10. 0-0 0-0 11. Nc3 d6 12. Re1 Nbd7 13. d5 e5 14. Bf4 Rfc8 15. b3 a6 16. Bg3 b5 17. Qd3 Nc5 18. Qe2 e4 19. Nd4 Nd3 20. Red1 bxc4 21. Nxe4 Nxe4 22. Qxe4 Nc5 23. Qf3 cxb3 24. Nxb3 Nxb3 25. axb3 Rc5 26. Rac1 Rac8 27. Rxc5 Rxc5 28. Qe3 Rxd5 29. Rxd5 Qxd5 30. h3 Qe6 31. Qb6 d5 32. Qa5 h6 33. Qa4 Bf6 34. b4 d4 35. Bf4 Qe1+ 0-1

[Event "NOR-ch qual-B"]
[Site "Oslo"]
[Date "2007.04.05"]
[Round "7"]
[White "Henriksen, Morgan"]
[Black "Paulshus, Anders"]
[Result "0-1"]
[WhiteElo "1297"]
[BlackElo "1191"]
[PlyCount "108"]
[EventDate "2007.04.01"]
[EventType "swiss"]
[EventRounds "7"]
[EventCountry "NOR"]
[SourceTitle "EXT 2008"]
[Source "ChessBase"]
[SourceDate "2007.11.25"]
[SourceVersion "1"]
[SourceVersionDate "2007.11.25"]
[SourceQuality "1"]

1. d4 d5 2. c4 e5 3. dxe5 d4 4. a3 Nc6 5. Nf3 Bf5 6. b4 Qd7 7. b5 Na5 8. e3 d3 9. Nd4 Nxc4 10. Qf3 Ne7 11. Qxb7 Rd8 12. Qxa7 g6 13. Qc5 Na5 14. Bd2 Nd5 15. Qc1 Ra8 16. Bxa5 Rxa5 17. Qc4 Nb4 18. Nd2 Nc2+ 19. Nxc2 dxc2 20. a4 Bg7 21. Qc3 0-0 22. e4 Bxe4 23. Nxe4 Rxa4 24. Nf6+ Bxf6 25. exf6 Re8+ 26. Be2 Rxa1+ 27. Qxa1 Qxb5 28. 0-0 Qxe2 29. Rc1 Rd8 30. h3 Rd1+ 31. Kh2 h5 32. Rxc2 Qxc2 33. Qa8+ Kh7 34. Qf8 Rh1+ 35. Kxh1 Qc1+ 36. Kh2 Qf4+ 37. Kg1 Qc1+ 38. Kh2 Qf4+ 39. Kg1 Qxf6 40. Qc8 Qd6 41. Qe8 Kg7 42. Kf1 Qd1+ 43. Qe1 Qxe1+ 44. Kxe1 Kf6 45. Kd2 Ke5 46. g3 Ke4 47. Ke2 c5 48. f3+ Kd4 49. Kd2 f5 50. h4 c4 51. Ke2 c3 52. f4 c2 53. Kd2 c1Q+ 54. Kxc1 Ke3 0-1

[Event "Hamar CC-ch"]
[Site "Hamar"]
[Date "2007.03.01"]
[Round "5"]
[White "Henriksen, Morgan"]
[Black "Hanssen, Lasse Preben"]
[Result "1-0"]
[WhiteElo "1298"]
[BlackElo "1023"]
[PlyCount "111"]
[EventDate "2007.01.04"]
[EventType "swiss"]
[EventRounds "9"]
[EventCountry "NOR"]
[SourceTitle "EXT 2024"]
[Source "ChessBase"]
[SourceDate "2023.10.10"]
[SourceVersion "1"]
[SourceVersionDate "2023.10.10"]
[SourceQuality "1"]

1. d4 d5 2. c4 c6 3. Nf3 Nf6 4. Nc3 Nbd7 5. Bg5 h6 6. Bh4 e6 7. e3 Be7 8. Bd3 0-0 9. 0-0 Nb6 10. c5 Nbd7 11. b4 b6 12. Rb1 Rb8 13. Bg3 Rb7 14. Ba6 Nh5 15. Bxb7 Nxg3 16. hxg3 Bxb7 17. Qa4 a6 18. Qc2 Qa8 19. a4 a5 20. bxa5 bxc5 21. dxc5 Bxc5 22. Rfd1 Nf6 23. Nxd5 cxd5 24. Qxc5 Ne4 25. Qc7 Ba6 26. Ne5 f6 27. Nd3 Rc8 28. Qe7 Nc3 29. Qxe6+ Kh8 30. Nb4 Bc4 31. Ra1 Nxd1 32. Rxd1 d4 33. Qf5 dxe3 34. fxe3 Rb8 35. Qc5 Bb3 36. Rd7 Bxa4 37. Rc7 Qe4 38. Rc8+ Rxc8 39. Qxc8+ Kh7 40. Qc5 Qg4 41. Qd6 Qe2 42. Qf4 Qb5 43. a6 Qb6 44. Qd4 Qa5 45. Qe4+ Kh8 46. Qb7 Qd8 47. Kh2 Qd1 48. Qc8+ Kh7 49. Qf5+ g6 50. Qxf6 g5 51. Qf7+ Kh8 52. a7 Qd8 53. Qb7 Qg8 54. a8Q Be8 55. Nd5 Qg6 56. Nf6 1-0